000 00304nam a22001457a 4500
008 210311b ||||| |||| 00| 0 eng d
020 _a0801642116
041 _aeng
080 _a336
082 _a336
100 _a56
101 _aFIN
245 _aCorporate Finance
_cRoss, S. A
942 _2udc
_cBK
999 _c56397
_d56397